1786 1250 1193 1124 1765 1257 1042 1885 1110 1472 1370 1125 1935 1951 1073 1502 1435 1613 1729 1159 1874 1399 1519 1063 1240 1517 1843 1048 1943 1735 1811 1875 1990 1875 1225 1211 1451 1013 1895 1599 1613 1746 1758 1234 1793 1716 1205 1850 1077 1913 1759 1401 1735 1179 1492 1765 1894 1562 1304 1352 1765 1701 1659 1164 1275 1038 1200 1243 1855 1565 1199 1453 1840 1744 1811 1241 1163 1545 1492 1558 1786 1800 1037 1922 1464 1239 1815 1757 1706 1798 1596 1091 1981 1582 1345 1238 1738 1116 1081 BCNSPRNW ULIB Ver.6.0+V

เปลี่ยนเป็นภาษาไทย

Change to English
 แสดงรายละเอียดบรรณานุกรม
  กลับหน้าหลัก

Brief Record : Get Marc (ISO 2709) : E-mail record : QR code < ปิดหน้าต่าง
LEADER : 00000nam 2200000uu 4500
001    13399111225
003     ULIB
008    110620s||||||||th 000 0 tha d
020    9786119031302
050  4 BF637.S8^bอ624ภ 2552
100 0  อานันท์ ชินบุตร
245 10 ภาษาจิตเพื่อสุขภาพ /^cอานันท์ ชินบุตร
260    กรุงเทพฯ :^bพาวเวอร์ฟูล ไลฟ์,^c2552
650  7 สุขภาพ
650  7 ความสำเร็จ
650  7 การดำเนินชีวิต
650  7 การพัฒนาตนเอง
945    ^p155^l0^i027724
995    ทศพร
999 ^a ใช้งานได้ทุกระบบ
รายการนี้ยังไม่มีแท็ก
คุณยังไม่ได้ล็อกอิน คุณสามารถมีกิจกรรมร่วมกับเว็บไซต์ได้ แต่ต้องล็อกอินก่อน ::
  ล็อกอิน

รายการสื่อสารสนเทศ

ลำดับที่ ประเภท เลขเรียก/บาร์โค้ด สถานที่ สถานะ
- ไม่พบข้อมูล -

รายการใกล้เคียง
    ผู้แต่ง [อานันท์ ชินบุตร]

    หัวเรื่อง [สุขภาพ]
    หัวเรื่อง [ความสำเร็จ]
    หัวเรื่อง [การดำเนินชีวิต]
    หัวเรื่อง [การพัฒนาตนเอง]

BibComment


ยังไม่เคยถูกคอมเมนท์

คอมเมนท์ทรัพยากรรายการนี้
  คอมเมนท์: ภาษาจิตเพื่อสุขภา..


 Copyright 2026. Bcnsprnw @Library